h1

h2

h3

h4

h5
h6
000728663 001__ 728663
000728663 005__ 20251027110447.0
000728663 0247_ $$2ISBN$$a978-3-18-092330-7
000728663 0247_ $$2ISSN$$a0083-5560
000728663 037__ $$aRWTH-2018-225823
000728663 041__ $$aGerman
000728663 1001_ $$0P:(DE-82)IDM01951$$aAzarmipour, Mahyar$$b0$$eCorresponding author$$urwth
000728663 1112_ $$a19. Leitkongress der Mess- und Automatisierungstechnik - Seamless Convergence of Automation & IT$$cBaden-Baden$$d2018-07-03 - 2018-07-04$$gAUTOMATION$$wGermany
000728663 245__ $$aHypervisor-basierte Virtualisierung in der industriellen Automation$$hdata medium
000728663 260__ $$aDüsseldorf$$bVDI-Verlag$$c2018
000728663 29510 $$a19. Leitkongress der Mess- und Automatisierungstechnik : Seamless Convergence of Automation & IT : Automation : Baden-Baden, 03. und 04. Juli 2018 / Herausgeber: VDI Wissensforum GmbH
000728663 300__ $$a467-480
000728663 3367_ $$033$$2EndNote$$aConference Paper
000728663 3367_ $$0PUB:(DE-HGF)7$$2PUB:(DE-HGF)$$aContribution to a book
000728663 3367_ $$0PUB:(DE-HGF)8$$2PUB:(DE-HGF)$$aContribution to a conference proceedings$$bcontrib$$mcontrib
000728663 3367_ $$2BibTeX$$aINPROCEEDINGS
000728663 3367_ $$2DRIVER$$aconferenceObject
000728663 3367_ $$2DataCite$$aOutput Types/Conference Paper
000728663 3367_ $$2ORCID$$aCONFERENCE_PAPER
000728663 4900_ $$aVDI-Berichte$$v2330
000728663 500__ $$a1 CD-ROM
000728663 536__ $$0G:(DE-82)BMBF-01IS16022$$aVerbundprojekt BaSys 4.0: Basissystem Industrie 4.0 (BMBF-01IS16022)$$cBMBF-01IS16022$$x0
000728663 591__ $$aGermany
000728663 7001_ $$0P:(DE-82)IDM01623$$aGrothoff, Julian Alexander$$b1$$urwth
000728663 7001_ $$0P:(DE-82)IDM00534$$aElfahaam, Haitham Ahmed$$b2$$urwth
000728663 7001_ $$0P:(DE-82)IDM02660$$aEpple, Ulrich$$b3$$urwth
000728663 909CO $$ooai:publications.rwth-aachen.de:728663$$pVDB
000728663 9101_ $$0I:(DE-588b)36225-6$$6P:(DE-82)IDM01951$$aRWTH Aachen$$b0$$kRWTH
000728663 9101_ $$0I:(DE-588b)36225-6$$6P:(DE-82)IDM01623$$aRWTH Aachen$$b1$$kRWTH
000728663 9101_ $$0I:(DE-588b)36225-6$$6P:(DE-82)IDM00534$$aRWTH Aachen$$b2$$kRWTH
000728663 9101_ $$0I:(DE-588b)36225-6$$6P:(DE-82)IDM02660$$aRWTH Aachen$$b3$$kRWTH
000728663 9151_ $$0StatID:(DE-HGF)0031$$2StatID$$aPeer reviewed article$$x0
000728663 9201_ $$0I:(DE-82)526610_20140620$$k526610$$lLehrstuhl für Prozessleittechnik$$x0
000728663 9201_ $$0I:(DE-82)520000_20140620$$k520000$$lFachgruppe für Materialwissenschaft und Werkstofftechnik$$x1
000728663 961__ $$c2018-07-05T10:53:19.780837$$x2018-07-05T10:53:19.780837$$z2018-07-05
000728663 980__ $$aI:(DE-82)520000_20140620
000728663 980__ $$aI:(DE-82)526610_20140620
000728663 980__ $$aUNRESTRICTED
000728663 980__ $$aVDB
000728663 980__ $$acontb
000728663 980__ $$acontrib